Ghép ảnh Panorama tự động với đặc trưng Sift : Luận văn thạc sĩ Công nghệ thông tin

Đề tài trình bày khá chi tiết về phương pháp trích chọn đặc trưng không đổi tên trên một ảnh còn gọi là đặc trưng SIFT.

Đã lưu trong:
Sonraí Bibleagrafaíochta
Príomhúdar: Lê, Minh Lợi
Formáid: Leabhar
Teanga:Undetermined
Foilsithe: Cần Thơ Trường Đại học Cần Thơ 2012
Ábhair:
Clibeanna: Cuir Clib Leis
Gan Chlibeanna, Bí ar an gcéad duine leis an taifead seo a chlibeáil!
Thư viện lưu trữ: Trung tâm Học liệu Trường Đại học Cần Thơ
LEADER 01000nam a2200229Ia 4500
001 CTU_178530
008 210402s9999 xx 000 0 und d
082 |a 770.285 
082 |b L462 
088 |a 60480104 
100 |a Lê, Minh Lợi 
245 0 |a Ghép ảnh Panorama tự động với đặc trưng Sift : 
245 0 |b Luận văn thạc sĩ Công nghệ thông tin 
245 0 |c Lê Minh Lợi ; Phạm Nguyên Khang (Hướng dẫn khoa học) 
260 |a Cần Thơ 
260 |b Trường Đại học Cần Thơ 
260 |c 2012 
520 |a Đề tài trình bày khá chi tiết về phương pháp trích chọn đặc trưng không đổi tên trên một ảnh còn gọi là đặc trưng SIFT. 
650 |a SIFT (Scale Invariant Feature Transform),Stictching image,Panorama,Ảnh phong cảnh 
904 |i Thái 
910 |a Nguyên 
980 |a Trung tâm Học liệu Trường Đại học Cần Thơ